| 000 | 00000nam##2200000za#4500 |
| 001 | 9.602375 |
| 003 | CaOODSP |
| 005 | 20220328113247 |
| 007 | cr ||||||||||| |
| 008 | 150406|1998||||xxc|||||o f|0| 0 fre|d |
| 040 | |aCaOODSP|bfre |
| 043 | |an-cn--- |
| 086 | 1 |aC21-27/3-1998-1F-PDF |
| 110 | 1 |aCanada. |bIndustrie Canada. |
| 245 | 10|aInstitutions et croissance : |h[ressource électronique]|bles politiques-cadres en tant qu'instrument de compétitivité pour le Canada / |cpar Ronald Daniels. |
| 260 | |aOttawa - Ontario : |bIndustrie Canada |cDécembre 1998. |
| 300 | |a59p. |
| 490 | 1 |aLe Canada au 21e siècle. III, Relever le défi|vN° 11 |
| 500 | |aLe n° de catalogue (C21-27/3-1998-1) et l'ISBN (0-662-63955-3) de l'édition imprimée bilingue ont été incorrectement copiés dans l'édition électronique. |
| 504 | |aBibliographie. |
| 590 | |a11-24-Supp|b2011-10-24 |
| 691 | 07|aCompétitivité|2gcpds |
| 691 | 07|aConditions économiques|2gcpds |
| 691 | 07|aPolitique gouvernementale|2gcpds |
| 720 | 1 |aDaniels, Ronald |
| 775 | 08|tInstitutions and growth : |w(CaOODSP)9.571955 |
| 776 | 0#|tInstitutions and growth: framework policy as a tool of competitive advantage for Canada / |w(CaOODSP)9.531374 |
| 776 | 0#|tInstitutions et croissance: les politiques-cadres en tant qu'instrument de compétitivité pour le Canada / |w(CaOODSP)9.531375 |
| 830 | #0|aLe Canada au 21e siècle. III, Relever le défi ;|vN° 11|w(CaOODSP)9.502919 |
| 856 | 40|ahttp://publications.gc.ca|qPDF|s152 Ko|uhttps://publications.gc.ca/collections/Collection/C21-27-3-1998-1F.pdf|yN° 11 |